Normal view MARC view
  • Treitel, G.H.

Entry Personal Name

Number of records used in: 1

001 - CONTROL NUMBER

  • control field: 3918

003 - CONTROL NUMBER IDENTIFIER

  • control field: OSt

005 - DATE AND TIME OF LATEST TRANSACTION

  • control field: 20170512113933.0

008 - FIXED-LENGTH DATA ELEMENTS

  • fixed length control field: 170512|| aca||aabn | a|a d

040 ## - CATALOGING SOURCE

  • Original cataloging agency: OSt
  • Transcribing agency: OSt

100 ## - HEADING--PERSONAL NAME

  • Personal name: Treitel, G.H.

670 ## - SOURCE DATA FOUND

  • Source citation: Work cat.: (OSt)0: Treitel, G.H., The law of contract /, 1995
Pusat Sumber Maklumat Dato' Haji Sarmin Md Hussin, Akademi Kastam Diraja Malaysia, Melaka
Tel: 06-2331106 | Faks: 06-2313787